Regions and sustainable development: regional planning matters (Record no. 117725)

MARC details
000 -LEADER
fixed length control field 01148cam a2200217 4500
001 - CONTROL NUMBER
control field ABS68014
008 - FIXED-LENGTH DATA ELEMENTS--GENERAL INFORMATION
fixed length control field 040719n2004 000 0 eng u
035 ## - SYSTEM CONTROL NUMBER
System control number (Sirsi) u126838
100 ## - MAIN ENTRY--PERSONAL NAME
Personal name Haughton, G.
245 ## - TITLE STATEMENT
Title Regions and sustainable development: regional planning matters
260 ## - PUBLICATION, DISTRIBUTION, ETC.
Date of publication, distribution, etc. 2004
490 ## - SERIES STATEMENT
Series statement Geographical Journal
Volume/sequential designation 170(2) June 2004, 135-145(11)
520 ## - SUMMARY, ETC.
Summary, etc. Looks at how the term sustainable development has been used in the process of regional planning over the past decade. Emphasises the differing geographies of these debates within England, in terms of how sustainable development has been used to justify different types of approach in different parts of the country. Drawing on and challenging recent work on state theory, the paper argues the need to see regional planning as a part of a multi-scalar governance system, whose importance should not be underestimated. Tables and references. [Taken from journal abstract].
590 ## - LOCAL NOTE (RLIN)
Local note ABS
590 ## - LOCAL NOTE (RLIN)
Local note ABS
650 ## - SUBJECT ADDED ENTRY--TOPICAL TERM
Topical term or geographic name entry element SUSTAINABLE DEVELOPMENT
650 ## - SUBJECT ADDED ENTRY--TOPICAL TERM
Topical term or geographic name entry element REGIONAL PLANNING
690 ## - LOCAL SUBJECT ADDED ENTRY--TOPICAL TERM (OCLC, RLIN)
Topical term or geographic name as entry element DEVELOPMENT-SUSTAINABLE
700 ## - ADDED ENTRY--PERSONAL NAME
Personal name Counsell, D.
942 ## - ADDED ENTRY ELEMENTS (KOHA)
Suppress in OPAC 0
Holdings
Withdrawn status Lost status Source of classification or shelving scheme Damaged status Not for loan Home library Current library Shelving location Date acquired Total Checkouts Full call number Barcode Date last seen Copy number Price effective from Koha item type
    Dewey Decimal Classification     London London Journal article 19/07/2004   ABS68014 126838-1001 06/08/2019 1 06/08/2019 Journal article